01477nam a2200337 a 4500001001000000003000500010005001700015008004100032010001100073011001100084040000900095090001000104100004000114245018300154260004100337500006000378502008500438590004000523590004000563650003800603650004200641650003700683650004100720856007000761901000700831942001000838942000600848999001900854952013100873952013501004000114043CHAP20220329144424.0171023s2017 mx a fsm |||||||spa d a110504 a111476 cCHAP aTesis1 aOlivera Espina, Juan Arturo913388410aEstudio de factibilidad técnico ecónomico para la instalación de una planta pasteurizadora de leche en Chignahuapan, Puebla /h[En línea]cpor Juan Arturo Olivera Espina. aChapingo, Méx. :bEl autor,c2017. aPara ver el contenido del material haga clic en la liga aTesis (Ing. Agroindustrial) -- UACH. Departamento de Ingeniería Agroindustrial aE8697GMMb05c20171023lUCH01h1342 aE8697GMMb05c20171023lUCH01h141814aIndustria lecheraxPuebla.95785414aLechexCostos de producción.96537114aLechexNormas de calidad.96539614aLechexProducciónzPuebla.9133885 aFinding aiduhttp://10.13.5.2/tesis/sist114043.pdfzTeclea aquí aBK cTESIS n0 c110504d110504 00104054718TESISaBCbBCd2017-10-23fTESISl0oTesisp114044-10r2019-12-31 00:00:00w2019-12-31yTESISzRecien adquirido 00102local4053708TESISaBCbBCcPA_TESISd2017-10-23fTESISl0oTesisp114044-20r2019-12-31 00:00:00tc.2w2019-12-31yTESIS